Chargement en cours...

Gullivarude Yathrakal

Détails bibliographiques
Auteur principal: Swift,Jonathan
Format: Printed Book
Langue:Malayalam
Publié: D.C. Books, Kottayam D.C. Books, Kottayam 1982
LEADER 00444nam a2200121Ia 4500
008 111204s9999 xx 000 0 mal d
100 |a Swift,Jonathan 
245 |a Gullivarude Yathrakal  |c Jonathan Swift 
260 |b D.C. Books, Kottayam  |a D.C. Books, Kottayam  |c 1982 
300 |a 155 
942 |c BK 
999 |c 207790  |d 207790 
952 |0 0  |1 0  |2 ddc  |4 0  |6 823S5_GUL  |7 0  |9 229812  |a MAL  |b MAL  |c ST1  |d 1972-09-22  |g 10.00  |l 0  |o 823S5 GUL  |p MAL17602  |r 2011-12-05  |v 10.00  |w 2011-12-05  |y BK